| 000 | 00000nam##2200000za#4500 |
| 001 | 9.636994 |
| 003 | CaOODSP |
| 005 | 20250611103541 |
| 007 | cr ||||||||||| |
| 008 | 150407|2005||||xxc|||||o f|0| 0 fre|d |
| 040 | |aCaOODSP|bfre |
| 043 | |an-cn--- |
| 086 | 1 |aA52-166/2005F-PDF |
| 110 | 1 |aCanada. |bAgriculture et agroalimentaire Canada. |
| 245 | 10|aVoie réglementaire critique pour les agents de lutte biologique / |h[ressource électronique]|cPréparé par Vijay Cuddeford, Fonds mondial pour la nature (Canada). |
| 260 | |bAgriculture et Agroalimentaire Canada |c[2005]. |
| 300 | |a66p.|btableaux |
| 500 | |a«Préparé ... pour Agriculture et Agroalimentaire Canada, en préparation pour l’atelier Microbial Biocontrol Agents: Registration, Commercialization & Adoption Issues, Saskatoon, du 28 février au 1er mars 2005.» |
| 590 | |a10-10-Supp|b2010-11-09 |
| 720 | 1 |aCuddeford, Vijay |
| 775 | 08|tCritical regulatory path for biocontrol agents / |w(CaOODSP)9.692782 |
| 856 | 40|ahttp://publications.gc.ca|qPDF|s482 Ko|uhttps://publications.gc.ca/collections/collection_2009/agr/A52-166-2005F.pdf |